000 00310nam a2200133Ia 4500
008 191201s2016 xx 000 0 und d
100 _aGOPALAKRISHNAN, P
245 0 _aHandbook of Materials Management
260 _bPHI
_c2016
300 _a790
650 _aBBA
700 _a HALEEM, Abid
942 _2ddc
_cBK
999 _c6935
_d6935